000 00386nam a2200169Ia 4500
005 20250423095313.0
008 250422s9999 xx 000 0 und d
020 _a9070244373
050 _aRC 871 .C33/
245 0 _aEuropean association of urology: Guidlines
250 _a2006 ed.
260 _aNetherland
260 _bEAU
260 _c2006
300 _a106 p
942 _cBK
999 _c29861
_d29861